000 00565nam a2200169 4500
008 031128s2001 ph eng
020 _a9718832564 :
_cPhp145.00
090 _aGV1204.76
_bH39
100 1 _aHenson, Mari J.
245 1 0 _aGames Filipino children used to play /
_cMari J. Henson, Dan O. Henson.
260 _aQuezon City :
_bGiraffe Books,
_cc2001.
300 _a64 p. :
_bills.
650 4 _aChildren's games.
650 4 _aGames
_zPhilippines.
700 1 _aHenson, Dan O.
951 _p26723
_x00028953
_oGV1204.76/H39
_j070613111327515
_d2000-12-21
_cFIL
999 _c18376
_d18376